| 000 | 00845 a2200229 4500 | ||
|---|---|---|---|
| 005 | 20180312141946.0 | ||
| 008 | 131016s1993 xxua br|||| 00| 0 eng d | ||
| 020 | _a0590988670 | ||
| 040 |
_aCO-BoUCM _bspa _cJose A. Gerena _dJose A. Gerena |
||
| 041 | 0 | _aeng | |
| 100 | 1 |
_aDuffey, Betsy _948170 |
|
| 245 | 1 | 0 |
_aHow to be cool in the third grade _cBetsy Duffey ; ilustraciones de Janet Wilson |
| 260 |
_c1993 _bScholastic _aNueva York (Estados Unidos) |
||
| 300 |
_a71 páginas _bilustraciones |
||
| 650 | 7 |
_918685 _aLiteratura infantil estadounidense |
|
| 650 | 7 |
_918524 _aLibros y lectura para niños |
|
| 650 | 7 |
_920374 _aNiños en la literatura |
|
| 690 |
_942862 _aLiteratura estadounidense |
||
| 700 | 1 |
_aWilson, Janet _eilustrador _948171 |
|
| 942 |
_a18 _cLIBRO _e1 _mD854 _2DEWEY _h818.54 _n0 |
||
| 999 |
_c182103 _d182103 |
||